La regulación de la cuenta corriente en el Código Civil y Comercial (Registro nro. 30414)

Detalles MARC
000 -LEADER
fixed length control field 00365 a2200109 4500
001 - CONTROL NUMBER
control field ART_30335
005 - DATE AND TIME OF LATEST TRANSACTION
control field 20260410161951.0
008 - FIXED-LENGTH DATA ELEMENTS--GENERAL INFORMATION
fixed length control field 260409a
100 1# - MAIN ENTRY--PERSONAL NAME
Personal name Arduino, Augusto H.L.
245 10 - TITLE STATEMENT
Title La regulación de la cuenta corriente en el Código Civil y Comercial
773 0# - HOST ITEM ENTRY
Title Temas de derecho comercial
Related parts - Año 1, Nº 6 (jun. 2015)
Record control number REV28151

No hay ítems disponibles.